| 000 | 00966nam a2200253 a 4500 | ||
|---|---|---|---|
| 001 | 47970 | ||
| 003 | BD-RjUL | ||
| 005 | 20211209054431.0 | ||
| 008 | 160811s1966 ii ||||| |||| 00| 0 ben d | ||
| 020 | _c: Tk. 22.00 | ||
| 035 | _a(BD-RjUL)48089 | ||
| 040 |
_aBD-RjUL _bben _cBD-RjUL |
||
| 041 | _aben | ||
| 082 |
_223 _a891.4408 _bAMK 1979 |
||
| 100 | 1 |
_aচক্রবর্তী, অমিয় _9127518 |
|
| 245 | 1 |
_aকবিতাসংগ্রহ / _cঅমিয় চক্রবর্তী |
|
| 260 |
_aকলকাতা : _bদে'জ পাবলিশিং, _c১৯৭৭-৭৯ |
||
| 300 |
_a খণ্ড ; _c২১ সেমি. |
||
| 505 | _a খণ্ড. ১-- খণ্ড. ২ -- | ||
| 650 |
_aবাংলা সাহিত্য _vসংগৃহীত কাজ _9145415 |
||
| 650 |
_aBengali litterature _vCollective work _9145416 |
||
| 700 |
_aগুহ, নরেশ, সম্পাদক _9145531 |
||
| 942 |
_2ddc _cBK _01 |
||
| 999 |
_c47970 _d47970 |
||